000 00988nam a2200229Ia 4500
001 L120-844
003 IT-CnALBA
008 170116s9999||||xx |||||||||||||| ||und||
040 _aIT-CnALBA
_cIT-CnALBA
041 _aITALIANO
100 _aPUELLES MILLAN
245 0 _aSTRUTTURA (LA) DELLA SOGGETTIVITA'.
250 _a1a ed.
260 _a TORINO - ROMA
_bMARIETTI EDITORE
_c1973 [1° Ed.: n.d.]
300 _a430 p.
500 _aREALTÀ APPARENZA SOGGETTIVITA'. IL NON ESSERE DELLA COSCIENZA. TRASCENDENZA. FORME DI TRASCENDENZA. INTIMITÀ SOGGETTIVA: APORIE E TEORIA DELL'INTIMITÀ.
501 _aSocietà San Paolo EM - Piazza San Paolo, 14 - 12051 ALBA (CN) (non commercial uses only) ® Copyright 2017
520 _aREALTÀ APPARENZA SOGGETTIVITA'. IL NON ESSERE DELLA COSCIENZA. TRASCENDENZA. FORME DI TRASCENDENZA. INTIMITÀ SOGGETTIVA: APORIE E TEORIA DELL'INTIMITÀ.
650 _aGNOSEOLOGIA - CAUSALITÀ - FINE DELL'UOMO
942 _cBK
957 _71
999 _a941
_bNO
_g Copie: 1
_c260078
_d260078